[Event "ODEM U25 2010"]
[Site "Oberhof GER"]
[Date "2010.05.23"]
[Round "1"]
[White "Figura, Atila Gajo"]
[Black "Holle, Eric"]
[Result "1-0"]
[Termination "normal"]
[Board "1"]
[WhiteTitle "FM"]
[WhiteElo "2418"]
[BlackElo "1694"]
[PlyCount "53"]
[WhiteFideId "4688058"]
[BlackFideId "4624610"]
[EventCountry "GER"]
[EventRounds "9"]
[EventType "swiss"]
[EventDate "2010.05.22"]

1. Nf3 e6 2. g3 Nf6 3. Bg2 d5 4. O-O c5 5. d4 Nc6 6. c4 dxc4 7. dxc5 Qxd1 8.
Rxd1 Bxc5 9. Nbd2 c3 10. bxc3 Bd7 11. Nb3 Bb6 12. Nfd4 O-O 13. Nb5 Ne5 14. Nd6
Bc6 15. Bxc6 bxc6 16. c4 Rfd8 17. c5 Bc7 18. Bf4 Ng6 19. Bg5 Rd7 20. Bxf6 gxf6
21. Ne4 Rxd1+ 22. Rxd1 f5 23. Rd7 Rc8 24. Nf6+ Kf8 25. Nxh7+ Kg7 26. Ng5 Ne5
27. Nxe6+ 1-0

[Event "ODEM U25 2010"]
[Site "Oberhof GER"]
[Date "2010.05.23"]
[Round "1"]
[White "Dohmann, Dorothea"]
[Black "Müller, Reinhold"]
[Result "0-1"]
[Termination "normal"]
[Board "2"]
[WhiteElo "1844"]
[BlackElo "2279"]
[PlyCount "40"]
[WhiteFideId "12915459"]
[BlackFideId "24605875"]
[EventCountry "GER"]
[EventRounds "9"]
[EventType "swiss"]
[EventDate "2010.05.22"]

1. c4 Nf6 2. Nc3 g6 3. d4 Bg7 4. g3 O-O 5. Bg2 c5 6. e3 cxd4 7. exd4 d6 8. Be3
Nc6 9. Nf3 d5 10. Ne5 Nxe5 11. dxe5 Ng4 12. Nxd5 Nxe5 13. Qb3 e6 14. Nc3 Qd3
15. Nb5 Qxc4 16. Qxc4 Nxc4 17. Bxa7 Bd7 18. Bxb7 Bxb5 19. Bc5 Nxb2 20. Bxf8
Bc3# 0-1

[Event "ODEM U25 2010"]
[Site "Oberhof GER"]
[Date "2010.05.23"]
[Round "1"]
[White "Wurm, Alexander"]
[Black "Celmer, Ole"]
[Result "1-0"]
[Termination "normal"]
[Board "3"]
[WhiteElo "2063"]
[BlackElo "1671"]
[PlyCount "81"]
[WhiteFideId "24637246"]
[BlackFideId "24657107"]
[EventCountry "GER"]
[EventRounds "9"]
[EventType "swiss"]
[EventDate "2010.05.22"]

1. d4 Nf6 2. c4 e6 3. Nf3 c5 4. d5 exd5 5. cxd5 d6 6. Nc3 g6 7. e4 a6 8. a4 Bg4
9. Be2 Bxf3 10. Bxf3 Bg7 11. O-O O-O 12. Bf4 Re8 13. Re1 Qc7 14. Qc2 Nbd7 15.
h3 Ne5 16. Be2 Rac8 17. Bh2 Ned7 18. f4 h6 19. Rad1 Qb8 20. Bc4 Nb6 21. b3 Nxc4
22. bxc4 Nd7 23. Re2 Rcd8 24. Rde1 Qc7 25. Nd1 Re7 26. Nf2 Rde8 27. Nd3 b6 28.
Bg3 Bf6 29. Nf2 h5 30. e5 dxe5 31. Ne4 Qb8 32. Nxf6+ Nxf6 33. fxe5 Nd7 34. Qc3
Nf8 35. e6 Qb7 36. Bd6 fxe6 37. Bxe7 Rxe7 38. dxe6 Qc6 39. Qf6 Qd6 40. Re5 Qc7
41. Rf1 1-0

[Event "ODEM U25 2010"]
[Site "Oberhof GER"]
[Date "2010.05.23"]
[Round "1"]
[White "Hartzendorf, Jonathan"]
[Black "Gölz, Daniel"]
[Result "0-1"]
[Termination "normal"]
[Board "4"]
[WhiteElo "1671"]
[BlackElo "2095"]
[PlyCount "66"]
[WhiteFideId "24660990"]
[BlackFideId "24626325"]
[EventCountry "GER"]
[EventRounds "9"]
[EventType "swiss"]
[EventDate "2010.05.22"]

1. c4 Nf6 2. Nc3 d6 3. Nf3 e5 4. d3 g6 5. g3 Bg7 6. Bg2 Nc6 7. O-O O-O 8. Ne1
Nd7 9. Nc2 a5 10. Ne3 Nd4 11. Nc2 Ne6 12. Rb1 c6 13. Bd2 f5 14. a3 a4 15. Nb4
Ndc5 16. Nxc6 bxc6 17. Bxc6 Ra7 18. Nxa4 Nxa4 19. Bxa4 Bb7 20. Be3 Ra8 21. Qb3
Qe7 22. c5 Rfb8 23. cxd6 Qxd6 24. Bc5 Qd5 25. e4 fxe4 26. dxe4 Nxc5 27. exd5
Nxb3 28. Bxb3 Ba6 29. Ba2 Bxf1 30. Kxf1 e4 31. d6+ Kf8 32. Bd5 Rxa3 33. b4 Ra1
0-1

[Event "ODEM U25 2010"]
[Site "Oberhof GER"]
[Date "2010.05.23"]
[Round "1"]
[White "Zentgraf, Robert"]
[Black "Luther, Alexander"]
[Result "1-0"]
[Termination "normal"]
[Board "5"]
[WhiteElo "2107"]
[BlackElo "1944"]
[PlyCount "77"]
[WhiteFideId "4676483"]
[BlackFideId "24682616"]
[EventCountry "GER"]
[EventRounds "9"]
[EventType "swiss"]
[EventDate "2010.05.22"]

1. d4 Nf6 2. g3 g6 3. Bg2 d5 4. Nf3 Bg7 5. c4 c6 6. O-O O-O 7. Nc3 Bf5 8. Qb3
b6 9. cxd5 cxd5 10. Ne5 Be4 11. Nxe4 Nxe4 12. Rd1 e6 13. f3 Nf6 14. e4 h6 15.
Be3 g5 16. Rac1 Qd6 17. Rd2 Na6 18. Qa4 Nc7 19. Rdc2 b5 20. Qa5 Nce8 21. Qxb5
Rb8 22. Qa4 Qb6 23. Qc6 Nd6 24. Qxb6 Rxb6 25. Rc6 Nc4 26. Rxb6 Nxb6 27. b3 Rd8
28. Rc7 dxe4 29. fxe4 Nfd7 30. Nc6 Re8 31. Rxa7 Nf6 32. h3 Bf8 33. Rb7 Nc8 34.
e5 Nd5 35. Bxd5 exd5 36. Rb8 f6 37. Kf2 fxe5 38. dxe5 Bg7 39. Rxc8 1-0

[Event "ODEM U25 2010"]
[Site "Oberhof GER"]
[Date "2010.05.23"]
[Round "1"]
[White "Hartewig, Philipp"]
[Black "Seidler, Lukas"]
[Result "0-1"]
[Termination "normal"]
[Board "6"]
[WhiteElo "1650"]
[BlackElo "2089"]
[PlyCount "52"]
[WhiteFideId "1270639"]
[BlackFideId "12900095"]
[EventCountry "GER"]
[EventRounds "9"]
[EventType "swiss"]
[EventDate "2010.05.22"]

1. d4 d5 2. c4 e6 3. Nc3 Nf6 4. cxd5 exd5 5. Bg5 Nbd7 6. e3 c6 7. Bd3 Be7 8.
Nge2 O-O 9. h4 Re8 10. Qc2 h6 11. Ng3 b5 12. Bxf6 Nxf6 13. Nce2 Qa5+ 14. Kf1
Bd7 15. Bf5 Rac8 16. Nf4 Bxf5 17. Nxf5 Bf8 18. Nd3 Ne4 19. h5 c5 20. dxc5 Nxc5
21. a3 Ne4 22. Qd1 Qa6 23. Nb4 Qf6 24. Qg4 Bxb4 25. axb4 Qxb2 26. Nxh6+ Kh7 0-1

[Event "ODEM U25 2010"]
[Site "Oberhof GER"]
[Date "2010.05.23"]
[Round "1"]
[White "Zuferi, Enis"]
[Black "Twerskoi, David"]
[Result "0-1"]
[Termination "normal"]
[Board "7"]
[WhiteElo "1853"]
[BlackElo "1632"]
[PlyCount "74"]
[WhiteFideId "24692530"]
[EventCountry "GER"]
[EventRounds "9"]
[EventType "swiss"]
[EventDate "2010.05.22"]

1. d4 f5 2. Nc3 Nf6 3. Bg5 e6 4. e4 fxe4 5. Nxe4 Be7 6. Bxf6 Bxf6 7. c3 O-O 8.
Bd3 d5 9. Nxf6+ Qxf6 10. Nf3 c5 11. Qe2 Nc6 12. Bb5 cxd4 13. Bxc6 bxc6 14. cxd4
Rb8 15. Rc1 Rb6 16. b3 Qg6 17. Rc3 Rf4 18. Qc2 Re4+ 19. Kd1 Bb7 20. Re3 Ba6 21.
Rhe1 Rxe3 22. fxe3 Bd3 23. Qf2 Qf5 24. Qh4 h6 25. Ne5 Ra6 26. g4 Qe4 27. Qf2
Bb1 28. a4 Rb6 29. Qb2 Bd3 30. Qc3 Bb1 31. Kd2 Ba2 32. b4 Bc4 33. Rg1 a5 34. b5
cxb5 35. Qxa5 Rb8 36. Qa7 Rf8 37. Rg3 b4 0-1

[Event "ODEM U25 2010"]
[Site "Oberhof GER"]
[Date "2010.05.23"]
[Round "1"]
[White "Orhan, Eda"]
[Black "Magnussen, Helge"]
[Result "0-1"]
[Termination "normal"]
[Board "8"]
[WhiteElo "1778"]
[BlackElo "2063"]
[PlyCount "106"]
[WhiteFideId "24659258"]
[BlackFideId "24632651"]
[EventCountry "GER"]
[EventRounds "9"]
[EventType "swiss"]
[EventDate "2010.05.22"]

1. d4 Nf6 2. Nf3 e6 3. e3 c5 4. Bd3 b6 5. c4 Bb7 6. Nc3 Be7 7. O-O O-O 8. d5 d6
9. b3 Na6 10. a3 Nc7 11. e4 b5 12. Bb2 bxc4 13. bxc4 Rb8 14. Qc2 Nd7 15. Ne2
Ne8 16. Nd2 Bf6 17. Bxf6 Nexf6 18. f4 Re8 19. Nc3 e5 20. Nb5 Qe7 21. Nxa7 exf4
22. Rxf4 Ne5 23. Nb5 Nfg4 24. Be2 Qg5 25. g3 Rbd8 26. Bxg4 Nxg4 27. Qd3 Bc8 28.
Raf1 Qh6 29. Qe2 Ne5 30. Rh4 Qg6 31. Nf3 Bg4 32. Rxg4 Qxg4 33. Nc3 Ra8 34. Nxe5
Qxe2 35. Nxe2 Rxe5 36. Nc3 Rxa3 37. Nb5 Ra6 38. Re1 f5 39. Nc3 fxe4 40. Rxe4
Ra1+ 41. Kf2 Rc1 42. Rxe5 dxe5 43. Nb5 Rxc4 44. d6 Kf8 45. Nc7 Rd4 46. Ne6+ Kf7
47. Nxc5 Rxd6 48. Ke3 Rd4 49. Ne4 Kg6 50. Nd2 Ra4 51. Nf3 Kf5 52. Nh4+ Rxh4 53.
gxh4 Kg4 0-1

[Event "ODEM U25 2010"]
[Site "Oberhof GER"]
[Date "2010.05.23"]
[Round "1"]
[White "Bulygin, Anton"]
[Black "Matschewsky, Justus"]
[Result "1/2-1/2"]
[Termination "normal"]
[Board "9"]
[WhiteElo "2051"]
[BlackElo "1727"]
[PlyCount "53"]
[WhiteFideId "24143022"]
[BlackFideId "24678708"]
[EventCountry "GER"]
[EventRounds "9"]
[EventType "swiss"]
[EventDate "2010.05.22"]

1. h4 e5 2. c4 Nf6 3. Nc3 Nc6 4. g3 Bc5 5. Bg2 a6 6. e3 d6 7. Nge2 Bf5 8. d3
Rb8 9. a3 Ba7 10. b4 Ne7 11. d4 e4 12. Bb2 d5 13. cxd5 Nfxd5 14. Rc1 c6 15. Nf4
Qd7 16. Qc2 Nxc3 17. Bxc3 O-O 18. O-O Rfe8 19. Rfd1 Nd5 20. Qb2 Bg4 21. Re1
Rbc8 22. a4 Bb8 23. Qc2 Bf3 24. Bh3 Bg4 25. Bg2 Bf3 26. Bh3 Bg4 27. Bg2 1/2-1/2

[Event "ODEM U25 2010"]
[Site "Oberhof GER"]
[Date "2010.05.23"]
[Round "1"]
[White "Arsen, Abrahamyan"]
[Black "Künstler, Christian"]
[Result "0-1"]
[Termination "normal"]
[Board "10"]
[WhiteElo "1664"]
[BlackElo "2005"]
[PlyCount "46"]
[BlackFideId "24602361"]
[EventCountry "GER"]
[EventRounds "9"]
[EventType "swiss"]
[EventDate "2010.05.22"]

1. e4 e6 2. d4 d5 3. e5 c5 4. c3 Nc6 5. Nf3 Bd7 6. Be2 Nge7 7. O-O Nf5 8. b3
Be7 9. Re1 Rc8 10. Bb2 O-O 11. Nbd2 cxd4 12. cxd4 Qb6 13. Nb1 f6 14. Na3 fxe5
15. dxe5 Bc5 16. Rf1 Ncd4 17. Rc1 Nxf3+ 18. Bxf3 Nh4 19. Rc3 Nxf3+ 20. Rxf3
Rxf3 21. Qxf3 Rf8 22. Qg3 Qa5 23. Nc2 Qd2 0-1

[Event "ODEM U25 2010"]
[Site "Oberhof GER"]
[Date "2010.05.23"]
[Round "1"]
[White "Feller, Florian"]
[Black "Grötzbach, Daniel"]
[Result "1-0"]
[Termination "normal"]
[Board "11"]
[WhiteElo "1933"]
[BlackElo "1798"]
[PlyCount "67"]
[WhiteFideId "4640896"]
[BlackFideId "24692166"]
[EventCountry "GER"]
[EventRounds "9"]
[EventType "swiss"]
[EventDate "2010.05.22"]

1. e4 c5 2. Nf3 d6 3. d4 cxd4 4. Nxd4 Nf6 5. Nc3 a6 6. Bg5 e6 7. f4 Qc7 8. Qf3
b5 9. O-O-O Nbd7 10. Nd5 Nxd5 11. exd5 Bb7 12. Re1 Qa5 13. Bd3 Nc5 14. Nb3 Qxa2
15. Nxc5 dxc5 16. Be4 Qa1+ 17. Kd2 Qxb2 18. Ke2 Qd4 19. Rd1 Qc4+ 20. Kf2 Bd6
21. Rhe1 O-O 22. dxe6 Bxe4 23. Rxe4 Qxc2+ 24. Kg3 Bc7 25. Rd7 Ba5 26. Rxf7 c4
27. Rxf8+ Rxf8 28. e7 Re8 29. h4 h6 30. Bxh6 gxh6 31. Qg4+ Kh8 32. Qg6 Qc3+ 33.
Kh2 Rg8 34. Qxh6# 1-0

[Event "ODEM U25 2010"]
[Site "Oberhof GER"]
[Date "2010.05.23"]
[Round "1"]
[White "Siegl, Pascal"]
[Black "Hundt, Fabian"]
[Result "1/2-1/2"]
[Termination "normal"]
[Board "12"]
[WhiteElo "1595"]
[BlackElo "1948"]
[PlyCount "87"]
[WhiteFideId "24657069"]
[BlackFideId "4645294"]
[EventCountry "GER"]
[EventRounds "9"]
[EventType "swiss"]
[EventDate "2010.05.22"]

1. e4 c6 2. d4 d5 3. e5 Bf5 4. g4 Bd7 5. Be3 Qb6 6. b3 e6 7. Ne2 c5 8. f4 h5 9.
g5 Nc6 10. Nbc3 cxd4 11. Nxd4 Bb4 12. Qd3 Rc8 13. O-O-O Nxe5 14. fxe5 Rxc3 15.
Qe2 Qa5 16. Kb1 a6 17. Bh3 Ne7 18. Rd3 Bb5 19. Nxb5 Qxb5 20. a4 Qc6 21. Bd4
Rxd3 22. Qxd3 g6 23. Rf1 Nf5 24. Bxf5 gxf5 25. Rg1 Rg8 26. h4 Bc5 27. Rg3 Ke7
28. Kb2 Rc8 29. Bxc5+ Qxc5 30. g6 fxg6 31. Rxg6 Kf7 32. Rf6+ Ke7 33. Rh6 d4 34.
Rh7+ Kd8 35. Qe2 Qc3+ 36. Kb1 Rc7 37. Rxh5 Rg7 38. Rg5 Rxg5 39. hxg5 Qe3 40.
Qh5 Qe1+ 41. Kb2 Qxe5 42. g6 d3+ 43. Kb1 d2 44. Qg5+ 1/2-1/2

[Event "ODEM U25 2010"]
[Site "Oberhof GER"]
[Date "2010.05.23"]
[Round "1"]
[White "Arps, Jan-Philipp"]
[Black "Hefner, Felix"]
[Result "1-0"]
[Termination "normal"]
[Board "13"]
[WhiteElo "2013"]
[BlackElo "1597"]
[PlyCount "105"]
[WhiteFideId "24645680"]
[BlackFideId "12910651"]
[EventCountry "GER"]
[EventRounds "9"]
[EventType "swiss"]
[EventDate "2010.05.22"]

1. e4 e5 2. Nf3 Nf6 3. d4 exd4 4. e5 Bb4+ 5. c3 dxc3 6. bxc3 Ba5 7. exf6 Qxf6
8. Qe2+ Kf8 9. Ba3+ d6 10. Qe5 Qxe5+ 11. Nxe5 c5 12. Nc4 Bc7 13. Be2 Be6 14.
Nbd2 Nd7 15. O-O a5 16. Ne4 Ke7 17. Rfd1 b5 18. Ncxd6 b4 19. Bb2 f5 20. Nb5 Be5
21. Ng5 Bg8 22. Nf3 Bf6 23. Re1 Kf8 24. a3 Nb6 25. axb4 cxb4 26. Nbd4 Nd5 27.
cxb4 Nxb4 28. Ba3 Bd5 29. Rab1 Rb8 30. Nb3 Kf7 31. Nxa5 Nc2 32. Rxb8 Rxb8 33.
Bd6 Rd8 34. Rc1 Rxd6 35. Rxc2 Be4 36. Rc1 g5 37. Nc4 Rd5 38. Ncd2 Bd3 39. Bxd3
Rxd3 40. Nc4 Rd5 41. Ne3 Ra5 42. h3 h5 43. Nc4 Ra7 44. Nfe5+ Kg7 45. Rd1 g4 46.
Rd7+ Rxd7 47. Nxd7 Bd8 48. Kf1 gxh3 49. gxh3 Kg6 50. Nce5+ Kh7 51. Kg2 Ba5 52.
Kg3 Kh6 53. Kf4 1-0

[Event "ODEM U25 2010"]
[Site "Oberhof GER"]
[Date "2010.05.23"]
[Round "1"]
[White "Senf, Paul"]
[Black "Siebarth, Marco"]
[Result "1-0"]
[Termination "time forfeit"]
[Board "14"]
[WhiteElo "1593"]
[BlackElo "2049"]
[PlyCount "72"]
[WhiteFideId "12900389"]
[BlackFideId "24604330"]
[EventCountry "GER"]
[EventRounds "9"]
[EventType "swiss"]
[EventDate "2010.05.22"]

1. e4 d5 2. exd5 Qxd5 3. Nc3 Qa5 4. d4 c6 5. Bd2 Nf6 6. Nf3 Bg4 7. Be2 e6 8.
O-O Be7 9. Ne5 Bxe2 10. Qxe2 Qb6 11. Qd3 Nbd7 12. Nxd7 Nxd7 13. Be3 Qc7 14.
Rad1 O-O-O 15. a3 f5 16. Qc4 Bd6 17. Qxe6 Bxh2+ 18. Kh1 Rhf8 19. f4 Rde8 20.
Qc4 Rxe3 21. Kxh2 Nf6 22. Qc5 Ng4+ 23. Kg1 Rf6 24. d5 b6 25. Qc4 b5 26. Qc5 Re8
27. d6 Qd7 28. Rd3 Kb7 29. a4 a6 30. axb5 axb5 31. Ra1 Ra8 32. Rxa8 Kxa8 33.
Ne2 Rf8 34. Ra3+ Kb8 35. Nd4 Rc8 36. Ra6 Nf6 1-0

[Event "ODEM U25 2010"]
[Site "Oberhof GER"]
[Date "2010.05.23"]
[Round "1"]
[White "Remy, Janina"]
[Black "Kühne, Niklas"]
[Result "1-0"]
[Termination "normal"]
[Board "15"]
[WhiteElo "1989"]
[BlackElo "1652"]
[PlyCount "59"]
[WhiteFideId "24627348"]
[BlackFideId "24690015"]
[EventCountry "GER"]
[EventRounds "9"]
[EventType "swiss"]
[EventDate "2010.05.22"]

1. e4 c5 2. Nc3 Nc6 3. Bb5 g6 4. f4 Bg7 5. Nf3 e6 6. Bxc6 bxc6 7. e5 Ne7 8. Ne4
Qb6 9. Nd6+ Kf8 10. Ng5 f6 11. exf6 Bxf6 12. Nge4 Bg7 13. g4 Ba6 14. d3 Nc8 15.
f5 Nxd6 16. Nxd6 Qc7 17. fxg6 Ke7 18. Bf4 Qa5+ 19. c3 hxg6 20. Ne4 d5 21. Ng5
Raf8 22. O-O Rh4 23. Bg3 Rhh8 24. Qe2 Bc8 25. Rae1 Rxf1+ 26. Kxf1 Rf8+ 27. Kg1
c4 28. d4 Re8 29. Nxe6 Kf6 30. Qf3+ 1-0

[Event "ODEM U25 2010"]
[Site "Oberhof GER"]
[Date "2010.05.23"]
[Round "1"]
[White "Kast, Joannis"]
[Black "Huhnstock, Rico"]
[Result "0-1"]
[Termination "normal"]
[Board "16"]
[WhiteElo "1733"]
[BlackElo "1918"]
[PlyCount "76"]
[WhiteFideId "24698776"]
[BlackFideId "24642932"]
[EventCountry "GER"]
[EventRounds "9"]
[EventType "swiss"]
[EventDate "2010.05.22"]

1. e4 c5 2. Nf3 Nc6 3. d4 cxd4 4. Nxd4 Nf6 5. f3 e5 6. Nb5 d6 7. c4 a6 8. N5c3
Qb6 9. Nd5 Nxd5 10. cxd5 Nd4 11. Nc3 Bd7 12. Rb1 Rc8 13. Bd2 Be7 14. Bd3 O-O
15. Ne2 Bb5 16. Bxb5 Nc2+ 17. Kf1 Qxb5 18. g4 Nd4 19. Kf2 Bh4+ 20. Ng3 Rc2 21.
Rf1 Qd3 22. Kg1 Rxd2 23. Qe1 Nc2 24. Qc1 Bxg3 25. hxg3 Qe2 26. Qxd2 Qxd2 27.
Rf2 Qe3 28. Kf1 Rc8 29. Rd1 Nd4 30. Re1 Qd3+ 31. Kg2 Nc2 32. Rg1 Ne3+ 33. Kh3
Rc2 34. Rxc2 Qxc2 35. a3 Qf2 36. Rc1 Qg2+ 37. Kh4 Qh2+ 38. Kg5 h6# 0-1

[Event "ODEM U25 2010"]
[Site "Oberhof GER"]
[Date "2010.05.23"]
[Round "1"]
[White "Isakson, Alex"]
[Black "Veit, Björn"]
[Result "1-0"]
[Termination "normal"]
[Board "17"]
[WhiteElo "1926"]
[BlackElo "1742"]
[PlyCount "61"]
[WhiteFideId "24637351"]
[BlackFideId "24600717"]
[EventCountry "GER"]
[EventRounds "9"]
[EventType "swiss"]
[EventDate "2010.05.22"]

1. e4 d5 2. exd5 Qxd5 3. Nc3 Qa5 4. d4 Nf6 5. Bc4 Bf5 6. Bd2 c6 7. Nd5 Qd8 8.
Nxf6+ gxf6 9. Bf4 Bg7 10. Nf3 Nd7 11. O-O O-O 12. Nh4 Bg6 13. Be3 Nb6 14. Bb3
Nd5 15. Qf3 Qa5 16. g4 Rad8 17. Kh1 e5 18. c3 Rfe8 19. Nf5 Qc7 20. Rg1 Qd7 21.
h4 Ne7 22. h5 Bxf5 23. gxf5 Kf8 24. Bc2 Nd5 25. Qg4 Bh8 26. Bh6+ Ke7 27. Bg7
Rg8 28. h6 Qc7 29. dxe5 fxe5 30. Rge1 f6 31. f4 1-0

[Event "ODEM U25 2010"]
[Site "Oberhof GER"]
[Date "2010.05.23"]
[Round "1"]
[White "Velina, Valeria"]
[Black "Simon, Christopher"]
[Result "0-1"]
[Termination "normal"]
[Board "18"]
[WhiteElo "1776"]
[BlackElo "1922"]
[PlyCount "62"]
[WhiteFideId "24677345"]
[BlackFideId "24618772"]
[EventCountry "GER"]
[EventRounds "9"]
[EventType "swiss"]
[EventDate "2010.05.22"]

1. e4 d5 2. exd5 Qxd5 3. Nc3 Qd6 4. Nf3 Nf6 5. Bc4 e6 6. d4 a6 7. O-O b5 8. Bb3
Bb7 9. Re1 Be7 10. h3 Nbd7 11. Be3 c5 12. a3 O-O 13. Nh2 Rad8 14. Qd2 Qc6 15.
f3 Bd6 16. Rad1 Nb6 17. dxc5 Bxh2+ 18. Kxh2 Rxd2 19. Rxd2 Nbd5 20. Nxd5 Nxd5
21. Bf2 Qc7+ 22. Kh1 Qf4 23. Rd4 Qf6 24. Red1 Nf4 25. Rd7 Qg5 26. Rg1 Ba8 27.
Rd6 Rc8 28. Rxa6 Qf5 29. Kh2 Bxf3 30. g4 Qe5 31. Re1 Ne2+ 0-1

[Event "ODEM U25 2010"]
[Site "Oberhof GER"]
[Date "2010.05.23"]
[Round "1"]
[White "Schirra, Felix"]
[Black "Carow, Annelen"]
[Result "0-1"]
[Termination "normal"]
[Board "20"]
[WhiteElo "1599"]
[BlackElo "1773"]
[PlyCount "42"]
[WhiteFideId "24692662"]
[BlackFideId "24692492"]
[EventCountry "GER"]
[EventRounds "9"]
[EventType "swiss"]
[EventDate "2010.05.22"]

1. e4 e5 2. Nf3 Nc6 3. d4 exd4 4. c3 d5 5. exd5 Qxd5 6. cxd4 Bb4+ 7. Nc3 Bg4 8.
Be2 Qd6 9. Bg5 Nf6 10. O-O O-O-O 11. Ne5 Bxe2 12. Nxe2 Nxe5 13. dxe5 Qxe5 14.
Qb3 Bc5 15. Bxf6 Qxf6 16. Rac1 Bb6 17. Qc2 Rd7 18. a4 Rhd8 19. b4 Rd2 20. Qc4
Qxf2+ 21. Rxf2 Rd1+ 0-1

[Event "ODEM U25 2010"]
[Site "Oberhof GER"]
[Date "2010.05.23"]
[Round "1"]
[White "Weber, Max"]
[Black "Bischoff, Nico"]
[Result "1-0"]
[Termination "normal"]
[Board "21"]
[WhiteElo "1888"]
[BlackElo "1518"]
[PlyCount "33"]
[WhiteFideId "4624831"]
[BlackFideId "24661007"]
[EventCountry "GER"]
[EventRounds "9"]
[EventType "swiss"]
[EventDate "2010.05.22"]

1. d4 d5 2. c4 c6 3. Nf3 Nf6 4. e3 Bf5 5. Nc3 e6 6. Nh4 Bg4 7. Qb3 Qb6 8. f3
Qxb3 9. axb3 Bf5 10. Nxf5 exf5 11. Bd3 g6 12. O-O Bg7 13. Bd2 O-O 14. Rfc1 Re8
15. cxd5 cxd5 16. Nb5 Re7 17. Nc7 1-0

[Event "ODEM U25 2010"]
[Site "Oberhof GER"]
[Date "2010.05.23"]
[Round "1"]
[White "Wachinger, David"]
[Black "Yin, Stanley"]
[Result "1/2-1/2"]
[Termination "normal"]
[Board "22"]
[WhiteElo "1500"]
[BlackElo "1976"]
[PlyCount "42"]
[WhiteFideId "24692689"]
[BlackFideId "24622729"]
[EventCountry "GER"]
[EventRounds "9"]
[EventType "swiss"]
[EventDate "2010.05.22"]

1. d4 d5 2. c4 Nc6 3. cxd5 Qxd5 4. e3 e5 5. Nc3 Bb4 6. Bd2 Bxc3 7. bxc3 Nf6 8.
f3 e4 9. c4 Qg5 10. d5 Ne7 11. g3 Nf5 12. Nh3 Qh6 13. Qe2 Nd6 14. Nf2 exf3 15.
Qxf3 Qg6 16. Bd3 Bg4 17. Qf4 Bf5 18. Bxf5 Qxf5 19. Qxf5 Nxf5 20. e4 Nd4 21.
O-O-O Nd7 1/2-1/2

[Event "ODEM U25 2010"]
[Site "Oberhof GER"]
[Date "2010.05.23"]
[Round "1"]
[White "Adelhütte, Dennis"]
[Black "Klosa, Kevin"]
[Result "1-0"]
[Termination "normal"]
[Board "23"]
[WhiteElo "1923"]
[BlackElo "1493"]
[PlyCount "89"]
[WhiteFideId "4661265"]
[BlackFideId "12900206"]
[EventCountry "GER"]
[EventRounds "9"]
[EventType "swiss"]
[EventDate "2010.05.22"]

1. e4 e5 2. Bc4 Nf6 3. d3 Nc6 4. Nf3 Bc5 5. c3 d6 6. b4 Bb6 7. a4 a5 8. b5 Ne7
9. Qb3 O-O 10. Bg5 Ng6 11. O-O h6 12. Be3 Bxe3 13. fxe3 Bd7 14. Nbd2 c6 15. d4
Qc7 16. Rab1 c5 17. Ne1 b6 18. Nd3 Rab8 19. Rf3 Qc8 20. Rg3 Bg4 21. h3 Bh5 22.
Rf1 Qc7 23. Rf5 Kh7 24. Nc1 exd4 25. cxd4 d5 26. e5 dxc4 27. Qxc4 Bd1 28. e4
Rbd8 29. Rd3 Nh5 30. Nf1 Ngf4 31. Rxd1 g6 32. Rxh5 Nxh5 33. Ne3 Ng3 34. Nd5 Qa7
35. Qd3 Nh5 36. g4 Ng7 37. Nf6+ Kh8 38. Qe3 g5 39. h4 cxd4 40. Qh3 gxh4 41.
Qxh4 Nh5 42. Qxh5 Kg7 43. Qf5 Rh8 44. Nh5+ Kf8 45. Qf6 1-0

[Event "ODEM U25 2010"]
[Site "Oberhof GER"]
[Date "2010.05.23"]
[Round "1"]
[White "Mehling, Franziska"]
[Black "Ehlers, Michael"]
[Result "0-1"]
[Termination "normal"]
[Board "24"]
[WhiteElo "1477"]
[BlackElo "1958"]
[PlyCount "106"]
[WhiteFideId "12900133"]
[BlackFideId "4674537"]
[EventCountry "GER"]
[EventRounds "9"]
[EventType "swiss"]
[EventDate "2010.05.22"]

1. e4 c5 2. Nf3 a6 3. a4 Nc6 4. d4 cxd4 5. Nxd4 Qa5+ 6. Nc3 Nf6 7. Nb3 Qb4 8.
Qd3 Ne5 9. Qd4 Qxd4 10. Nxd4 Nc6 11. Nxc6 bxc6 12. Be2 e5 13. f4 Bb4 14. Bf3 d5
15. exd5 e4 16. Be2 cxd5 17. Bd2 Bc5 18. O-O-O Be6 19. Rhf1 d4 20. Nb1 O-O 21.
f5 Bd5 22. Bf4 Rfc8 23. Nd2 Ba2 24. Bc4 Bxc4 25. Nxc4 Ba7 26. b3 e3 27. Rfe1
Nd5 28. Be5 Nc3 29. Rd3 Ne4 30. Bxd4 Nf2 31. Bxa7 Nxd3+ 32. cxd3 Rxa7 33. Rxe3
Rd7 34. Kb2 Rcd8 35. Kc3 f6 36. b4 Kf7 37. b5 axb5 38. axb5 Rd5 39. b6 Rxf5 40.
g3 Rb5 41. Re4 g6 42. d4 Rc8 43. d5 Rxb6 44. Kd4 Ra6 45. d6 Rxc4+ 46. Kxc4 Ra4+
47. Kd5 Rxe4 48. d7 Re2 49. Kd6 Rd2+ 50. Kc7 f5 51. d8=Q Rxd8 52. Kxd8 g5 53.
Kd7 f4 0-1

[Event "ODEM U25 2010"]
[Site "Oberhof GER"]
[Date "2010.05.23"]
[Round "1"]
[White "Eigemann, Julian"]
[Black "Rosenberger, Andreas"]
[Result "1-0"]
[Termination "normal"]
[Board "25"]
[WhiteElo "1841"]
[BlackElo "1441"]
[PlyCount "39"]
[WhiteFideId "24666599"]
[BlackFideId "12900192"]
[EventCountry "GER"]
[EventRounds "9"]
[EventType "swiss"]
[EventDate "2010.05.22"]

1. e4 d6 2. d4 Nf6 3. f3 g6 4. Be3 Bg7 5. Qd2 O-O 6. Ne2 Nc6 7. g4 e5 8. d5 Ne7
9. h4 Kh8 10. Ng3 c6 11. c4 Bd7 12. h5 a6 13. Qh2 Kg8 14. hxg6 fxg6 15. g5 Nh5
16. Nxh5 gxh5 17. Qxh5 b5 18. Qxh7+ Kf7 19. Rh6 Rg8 20. Rf6+ 1-0

[Event "ODEM U25 2010"]
[Site "Oberhof GER"]
[Date "2010.05.23"]
[Round "1"]
[White "Bingert, Tim Niklas"]
[Black "Lehmann, Ruben"]
[Result "0-1"]
[Termination "normal"]
[Board "26"]
[WhiteElo "1411"]
[BlackElo "1851"]
[PlyCount "24"]
[WhiteFideId "12917907"]
[BlackFideId "24671177"]
[EventCountry "GER"]
[EventRounds "9"]
[EventType "swiss"]
[EventDate "2010.05.22"]

1. e4 c6 2. d4 d5 3. e5 Bf5 4. Nf3 e6 5. c3 Qb6 6. Bd3 Bxd3 7. Qxd3 c5 8. O-O
Nc6 9. a3 a5 10. Be3 Qxb2 11. Nbd2 c4 12. Rfb1 Qxa1 0-1